Missing Word: TV Show Pairs II Quiz Stats

 Plays Quiz Updated Jul 30, 2017

Support Sporcle.
Go Orange.
Score 0/20 Timer 02:00
0 Plays Today
TV Show Shared Word % Correct
___ Loves RaymondEverybody
95.7%
The Real ___ of DCHousewives
93.5%
___ MatchmakerMillionaire
93.1%
Dark ___Angel
92.8%
Highway to ___Heaven
92.2%
___ ViceMiami
91.2%
Royal ___Pains
88.4%
Parker Lewis Can't ___Lose
87.1%
As the ___ TurnsWorld
81.7%
___ JobsDirty
78.7%
TV Show Shared Word % Correct
Small ___Wonder
72.9%
The Rachel Zoe ___Project
72.8%
Major ___Dad
71.2%
___ StoriesAmazing
68.9%
Less Than ___Perfect
66.9%
Herman's ___Head
60.6%
Father ___Ted
42.6%
___ & AllieKate
36.8%
___ PegsSquare
33.7%
It's a ___Living
31.1%

Today's Daily Dose

You're not logged in!

Compare scores with friends on all Sporcle quizzes.
OR
Log In
Forgot?

From the Vault

NFL Top 10s (2020)

by Joshie_the_great

Let's focus on a positive 'Top 10' list for 2020, for once.
Remove Ads.
Support Sporcle.
Get the best of Sporcle when you Go Orange. This ad-free experience offers more features, more stats, and more fun while also helping to support Sporcle. Thank you for becoming a member.

Show Comments

Extras

Top Quizzes Today


Score Distribution

Your Account Isn't Verified!

In order to create a playlist on Sporcle, you need to verify the email address you used during registration. Go to your Sporcle Settings to finish the process.

Report this User

Report this user for behavior that violates our Community Guidelines.

Details: